Разработка модуля детекции уровня насыщенности спиртовыми соединениями в химических растворах; Инновации в информационных технологиях, машиностроении и автотранспорте

Detaylı Bibliyografya
Parent link:Инновации в информационных технологиях, машиностроении и автотранспорте.— 2023.— С. 131-134
Yazar: Платонова А. С. Александра Сергеевна
Müşterek Yazar: Национальный исследовательский Томский политехнический университет
Diğer Yazarlar: Саклаков В. М. Василий Михайлович (научный руководитель)
Özet:В работе описана проблема точного мониторинга насыщенности спиртовых соединений при проведении химических опытов. Для ее решения был разработан специальный Модуль детекции на основе Arduino-компонентов, который при тестировании показал полную работоспособность.
The paper describes the problem of accurately monitoring the saturation of alcohol compounds during chemical experiments. To solve this problem, a special detection module based on Arduino components was developed. During testing, it showed full functionality.
Текстовый файл
Dil:Rusça
Baskı/Yayın Bilgisi: 2023
Konular:
Online Erişim:https://sibscience-new.ru/images/doc_temp/2023/Sbornik_IITMA_23_11_2023.pdf#page=131
Materyal Türü: Elektronik Kitap Bölümü
KOHA link:https://koha.lib.tpu.ru/cgi-bin/koha/opac-detail.pl?biblionumber=673560

MARC

LEADER 00000naa0a2200000 4500
001 673560
005 20240704150651.0
090 |a 673560 
100 |a 20240704d2023 k||y0rusy50 ca 
101 0 |a rus 
102 |a RU 
135 |a drcn ---uucaa 
181 0 |a i   |b  e  
182 0 |a b 
183 0 |a cr  |2 RDAcarrier 
200 1 |a Разработка модуля детекции уровня насыщенности спиртовыми соединениями в химических растворах  |f Платонова А. С.  |d Development of a saturation level detection module alcohol compounds in chemical solutions  |g науч. рук. В. М. Саклаков  |z eng 
203 |a Текст  |b визуальный  |c электронный 
283 |a online_resource  |2 RDAcarrier 
320 |a Список литературы: 2 назв. 
330 |a В работе описана проблема точного мониторинга насыщенности спиртовых соединений при проведении химических опытов. Для ее решения был разработан специальный Модуль детекции на основе Arduino-компонентов, который при тестировании показал полную работоспособность. 
330 |a The paper describes the problem of accurately monitoring the saturation of alcohol compounds during chemical experiments. To solve this problem, a special detection module based on Arduino components was developed. During testing, it showed full functionality. 
336 |a Текстовый файл 
463 1 |o сборник материалов VII Международной научно-практической конференции, Кемерово, 21-23 ноября 2023  |t Инновации в информационных технологиях, машиностроении и автотранспорте  |v С. 131-134  |c Кемерово  |d 2023  |n КузГТУ  |f Кузбасский государственный технический университет им Т. Ф. Горбачева 
610 1 |a труды учёных ТПУ 
610 1 |a электронный ресурс 
610 1 |a спиртовые соединения 
610 1 |a химические опыты 
610 1 |a печатные платы 
610 1 |a Arduino 
700 1 |a Платонова  |b А. С.  |g Александра Сергеевна 
702 1 |a Саклаков  |b В. М.  |c специалист в области информатики и вычислительной техники  |c cтарший преподаватель Томского политехнического университета  |f 1989-  |g Василий Михайлович  |4 727  |9 21244 
712 0 2 |a Национальный исследовательский Томский политехнический университет  |c (2009- )  |9 26305 
801 0 |a RU  |b 63413507  |c 20240704 
850 |a 63413507 
856 4 |u https://sibscience-new.ru/images/doc_temp/2023/Sbornik_IITMA_23_11_2023.pdf#page=131  |z https://sibscience-new.ru/images/doc_temp/2023/Sbornik_IITMA_23_11_2023.pdf#page=131 
942 |c CF